O zásady zemědělské politiky na Slovensku
Na minha lista:
| Autor principal: | |
|---|---|
| Formato: | Livro |
| Idioma: | tcheco |
| Publicado em: |
[S.l.]
[s.n.]
1934
|
| Tags: |
Sem tags, seja o primeiro a adicionar uma tag!
|
MARC
| LEADER | 00000nam a2200000 4500 | ||
|---|---|---|---|
| 001 | c116796 | ||
| 005 | 20250526085045.6 | ||
| 041 | 0 | |a cze | |
| 044 | |a CS | ||
| 245 | 1 | 0 | |a O zásady zemědělské politiky na Slovensku |c Peter Zaťko |
| 264 | 1 | |a [S.l.] |b [s.n.] |c 1934 | |
| 300 | |a 15 s. | ||
| 100 | 1 | |a Zaťko, Peter | |